000 01025nam0a2200313 4500
001 RU\NLR\bibl\923214
005 20260406055720.0
010 _a5-699-09727-9
_95000
021 _aRU
_b2006-7654
_9367
035 _a(NLR Aleph) 000911484
090 _a42464
_c42464
100 _a20060329d2006 |||y0rusy50 ca
101 0 _arus
102 _aRU
105 _ay |||||||||
200 1 _aНебесный король
_iПокровители
_eроман
_fА. Я. Живой
210 _aМосква
_cЯуза
_cЭКСМО
_d2006
215 _a349, [2] с.
_d21
225 1 _aВойны будущего
225 1 _aПосле битвы - Восток!
686 _aШ6(2=Р)75-445
700 1 _4070
_8rus
_7ca
_aМиронов
_bА. В.
_cписатель-фантаст
_f1971-
_gАлексей Васильевич
_3RU\NLR\AUTH\7710055
_9119840
801 0 _aRU
_bNLR
_c20060329
_grcr
801 1 _aRU
_bNLR
_c20060329
942 _cBOOK
980 _aNB